00489nam a2200169Ia 4500008004100000020001400041040001900055041001200074082002600086245007200112260003800184300002200222504001900244650001400263700002200277850002000299131103s9999 xx 000 0 und d a273318640 aLoreto College aEnglish a371.9/BRIbLCBED/1433 aGifted children and the brentwood experimentcEdited by S.A Bridges aGreat BrritainbPitman pub.c1972 aix,160p. c 22cm. aIncludes index aEducation aBridges, S.A; ed. aLCBED/371.9/BRI